LIBRARY & INFORMATION CENTRE, KCAET, TAVANUR

ONLINE PUBLIC ACCESS CATALOGUE (OPAC)

Normal view MARC view
  • Shah, HJ

Entry Personal Name

Number of records used in: 1

001 - CONTROL NUMBER

  • control field: 7123

003 - CONTROL NUMBER IDENTIFIER

  • control field: OSt

005 - DATE AND TIME OF LATEST TRANSACTION

  • control field: 20250211162027.0

008 - FIXED-LENGTH DATA ELEMENTS

  • fixed length control field: 250211|| aca||aabn | a|a d

040 ## - CATALOGING SOURCE

  • Original cataloging agency: OSt
  • Transcribing agency: OSt

100 ## - HEADING--PERSONAL NAME

  • Personal name: Shah, HJ

670 ## - SOURCE DATA FOUND

  • Source citation: Work cat.: (OSt)19357: Junarkar, SB 7122, Mechanics of Structures Vol.11
free website counter